[Event "POL-chT3 Kujawsko-Pomorskie 2223"]
[Site "Poland"]
[Date "2023.??.??"]
[Round "5.18"]
[White "Luchowski, Ferdynand"]
[Black "Wojciechowski, Robert"]
[Result "0-1"]
[WhiteElo "1499"]
[BlackElo "1961"]
[PlyCount "94"]
[EventDate "2022.11.13"]
[EventType "team-swiss"]
[EventRounds "7"]
[EventCountry "POL"]
[SourceTitle "EXT 2024"]
[Source "ChessBase"]
[SourceDate "2023.10.10"]
[SourceVersion "1"]
[SourceVersionDate "2023.10.10"]
[SourceQuality "1"]

1. Nf3 Nf6 2. d4 e6 3. c4 c5 4. Nc3 d5 5. Bg5 Be7 6. e3 h6 7. Bh4 0-0 8. Be2 b6 9. 0-0 Bb7 10. Ne5 Nbd7 11. Nxd7 Qxd7 12. cxd5 exd5 13. Bf3 Rfd8 14. a3 Ne4 15. Bxe7 Qxe7 16. Rc1 Rac8 17. Bg4 Rc6 18. Bf3 Rg6 19. g3 Rf6 20. Nxe4 dxe4 21. Bg2 cxd4 22. exd4 Rfd6 23. Qa4 Qd7 24. Qxd7 R6xd7 25. d5 Bxd5 26. Rfe1 f5 27. Bh3 g6 28. Bg2 Bb7 29. h4 Kg7 30. Bf1 a6 31. b4 Kf6 32. Rc2 Rd1 33. Rc1 Rxe1 34. Rxe1 g5 35. hxg5+ hxg5 36. Rc1 Rc8 37. Rd1 Ke6 38. Be2 Rc3 39. a4 Ra3 40. Bc4+ Ke7 41. a5 bxa5 42. b5 axb5 43. Bxb5 Ke6 44. Bc4+ Ke5 45. Rd7 Ra1+ 46. Kh2 Bc6 47. Re7+ Kd6 0-1

[Event "POL-chT3 Kujawsko Pomorskie 1617"]
[Site "Poland"]
[Date "2016.11.27"]
[Round "2.22"]
[White "Szatkowski, Pawel"]
[Black "Luchowski, Ferdynand"]
[Result "0-1"]
[WhiteElo "1210"]
[BlackElo "1578"]
[PlyCount "108"]
[EventDate "2016.11.06"]
[EventType "team-tourn"]
[EventRounds "9"]
[EventCountry "POL"]
[SourceTitle "EXT 2018"]
[Source "ChessBase"]
[SourceDate "2017.10.13"]
[SourceVersion "1"]
[SourceVersionDate "2017.10.13"]
[SourceQuality "1"]

1. e4 e6 2. d4 c6 3. g3 d5 4. e5 c5 5. c3 Nc6 6. a3 a6 7. b4 cxd4 8. cxd4 Nge7 9. Bb2 Nf5 10. Nf3 Qb6 11. Qd3 Be7 12. Nbd2 Bd7 13. Nb3 Na7 14. Nc5 Bb5 15. Qd2 Bxf1 16. Kxf1 Rd8 17. Rc1 Nc6 18. Kg2 0-0 19. Qc3 Nb8 20. Rc2 Qa7 21. Bc1 Rc8 22. Qd3 b6 23. Nb3 g6 24. h4 Rc7 25. h5 Ng7 26. hxg6 fxg6 27. Ng5 Bxg5 28. Bxg5 Rxc2 29. Qxc2 Qf7 30. f4 Nf5 31. Qe2 Rc8 32. Re1 Rc3 33. Rc1 Qc7 34. Rxc3 Qxc3 35. Qf3 Ne3+ 36. Kf2 Qxb3 37. Qxe3 Qb2+ 38. Kf3 Nc6 39. Kg4 Qxd4 40. Qxd4 Nxd4 41. a4 Kf7 42. b5 axb5 43. axb5 Ke8 44. Bf6 Nxb5 45. Kg5 d4 46. Kh6 d3 47. Kxh7 d2 48. g4 Kf7 49. f5 exf5 50. e6+ Kxf6 51. g5+ Kxe6 52. Kg7 d1Q 53. Kh6 Kf7 54. Kh7 Qh1# 0-1

[Event "POL-chT4 Kujawsko-Pomorskie 1516"]
[Site "Poland"]
[Date "2016.02.28"]
[Round "8"]
[White "Luchowski, Ferdynand"]
[Black "Malinski, Waldemar"]
[Result "1/2-1/2"]
[WhiteElo "1657"]
[BlackElo "1676"]
[PlyCount "60"]
[EventDate "2015.11.08"]
[EventType "team-tourn"]
[EventRounds "11"]
[EventCountry "POL"]
[SourceTitle "EXT 2019"]
[Source "ChessBase"]
[SourceDate "2018.10.10"]
[SourceVersion "1"]
[SourceVersionDate "2018.10.10"]
[SourceQuality "1"]

1. d4 e6 2. c4 b6 3. Nf3 Bb7 4. e3 Nf6 5. Nc3 Bb4 6. Be2 0-0 7. Bd2 d5 8. cxd5 Bxc3 9. Bxc3 Bxd5 10. 0-0 Nbd7 11. a3 a5 12. Rc1 h6 13. h3 Ne4 14. Ne1 f5 15. Nf3 c6 16. Bd2 b5 17. Bd3 Rf7 18. Bc2 g5 19. Nh2 Bc4 20. Re1 Ndf6 21. Bc3 Bd5 22. Bb3 Qd6 23. Bxd5 Nxd5 24. Re2 Kg7 25. Rec2 Rc7 26. Be1 Nef6 27. Qe2 h5 28. Rc5 Kh6 29. f3 Nd7 30. R1c2 N7b6 1/2-1/2

[Event "POL-chT4 Kujawsko-Pomorskie 1516"]
[Site "Poland"]
[Date "2015.12.13"]
[Round "4"]
[White "Operman, Dariusz"]
[Black "Luchowski, Ferdynand"]
[Result "1-0"]
[WhiteElo "1491"]
[BlackElo "1657"]
[PlyCount "56"]
[EventDate "2015.11.08"]
[EventType "team-tourn"]
[EventRounds "11"]
[EventCountry "POL"]
[SourceTitle "EXT 2019"]
[Source "ChessBase"]
[SourceDate "2018.10.10"]
[SourceVersion "1"]
[SourceVersionDate "2018.10.10"]
[SourceQuality "1"]

1. Nc3 Nf6 2. Nf3 d5 3. d4 c6 4. Bg5 e6 5. e4 dxe4 6. Nxe4 Be7 7. Ng3 Nbd7 8. c3 0-0 9. Bd3 Nd5 10. Bd2 Qb6 11. Qc2 g6 12. h4 Qc7 13. h5 f5 14. hxg6 hxg6 15. 0-0-0 Nf4 16. Bf1 b5 17. Re1 Qd6 18. Ne5 Nh5 19. Nxg6 Nxg3 20. Bf4 e5 21. Nxe7+ Qxe7 22. Bxg3 e4 23. Bf4 Rf7 24. b3 a5 25. f3 a4 26. b4 Bb7 27. Be2 Re8 28. Rh3 Qe6 1-0